|
|
|
|
| LEADER |
00000nas a2200000 a 4500 |
| 001 |
ssj0001454152 |
| 003 |
WaSeSS |
| 005 |
20200512172242.0 |
| 006 |
m d |
| 007 |
cr n |
| 008 |
980312c20089999nyuqr p s 0 a0eng |
| 010 |
|
|
|a sn 98007906
|
| 022 |
|
|
|y 1098-4070
|
| 035 |
|
|
|a (WaSeSS)ssj0001454152
|
| 037 |
|
|
|b Nova Science Pub., 400 Oser Avenue, Suite 1600, Hauppauge, NY 11788-3619
|c $295.00
|
| 040 |
|
|
|a NSD
|b eng
|c NSD
|d NSD
|d DLC
|d OCLCQ
|d OCLCF
|d OCLCO
|d OCL
|d OCLCO
|d OCLCQ
|d WaSeSS
|
| 042 |
|
|
|a pcc
|
| 043 |
|
|
|a f------
|
| 050 |
0 |
0 |
|a DT31
|b .C87
|
| 082 |
1 |
0 |
|a 320.96
|2 14
|
| 222 |
|
0 |
|a Current politics and economics of Africa
|
| 245 |
0 |
0 |
|a Current politics and economics of Africa
|h [electronic resource].
|
| 260 |
|
|
|a Hauppauge, N.Y. :
|b Nova Science Pub.
|
| 310 |
|
|
|a Quarterly
|
| 362 |
1 |
|
|a Began with vol. 1, issue 1 (spring 2008).
|
| 506 |
|
|
|a License restrictions may limit access.
|
| 588 |
|
|
|a Description based on: Vol. 1, issue 1 (spring 2008); title from cover.
|
| 650 |
|
7 |
|a Economic history.
|2 fast
|0 (OCoLC)fst00901974
|
| 650 |
|
7 |
|a Politics and government
|2 fast
|0 (OCoLC)fst01919741
|
| 651 |
|
0 |
|a Africa
|x Politics and government
|v Periodicals.
|
| 651 |
|
0 |
|a Africa
|x Economic conditions
|v Periodicals.
|
| 651 |
|
7 |
|a Africa.
|2 fast
|0 (OCoLC)fst01239509
|
| 655 |
|
0 |
|a Electronic journals.
|
| 850 |
|
|
|a DLC
|
| 856 |
4 |
0 |
|z Full text available from Research Library: 01/01/2011 to present
|u https://search.proquest.com/publication/2034885
|